Generation mean analysis for fibre quality traits in cotton (Record no. 75539)

MARC details
000 -LEADER
fixed length control field 00573nam a22001337a 4500
100 ## - MAIN ENTRY--AUTHOR NAME
Personal name Suryakumar, M.
245 ## - TITLE STATEMENT
Title Generation mean analysis for fibre quality traits in cotton
260 ## - PUBLICATION, DISTRIBUTION, ETC. (IMPRINT)
Name of publisher Proceedings of the National Symposium on 100 Glorious Years of Cotton Research and Way Forward, 18-19 October 2022, Centre for Plant Breeding and Genetics and Tamil Nadu Agricultural University, Coimbatore, Tamil Nadu, India, pp. 77-79.
Year of publication 2022
300 ## - PHYSICAL DESCRIPTION
Other physical details Bibliographic details
700 ## - ADDED ENTRY--PERSONAL NAME
Personal name Niranjan, M.A.
700 ## - ADDED ENTRY--PERSONAL NAME
Personal name Bharathiraja, R.
700 ## - ADDED ENTRY--PERSONAL NAME
Personal name Anandhan, T.
942 ## - ADDED ENTRY ELEMENTS (KOHA)
Koha item type Journals
Holdings
Withdrawn status Lost status Damaged status Not for loan Home library Current library Date acquired Koha item type
        RRII Library RRII Library 25/06/2025 Journals